=LDR 00000nam 2200000 4500 =247 ##$$a =856 ##$$a =700 #$$a =650 #$$a Manajemen Data =520 #$$a Manajemen data termasuk di dalam bagian unsur Sistem Pemerintahan Berbasis Elektronik (SPBE) yang penyelenggaraan pemerintahan yang memanfaatkan teknologi informasi dan komunikasi (TIK) untuk memberikan layanan kepada pengguna SPBE. Berdasarkan identifikasi permasalahan dengan menggunakan metode USG, dan analisis fish bone diketahui bahwa permasalahan utama adalah belum optimalnya penerapan manajemen data di Kabupaten Kepahiang yang Dinas Komunikasi Informatika Persandian dan Statistik sebagai pelaksana, sehingga didapat strategi. =321 ##$$a =310 ##$$a =300 ##$$a 47 hlm. : $b ill. ; $c 30 cm $e =260 ##$$a Jakarta : $b Pusbangkom Pimnas dan Manajerial ASN. ; $c 2024 =001 $a INLIS000000000020892 =245 ##$$a Strategi Peningkatan Penerapan Manajemen Data Berbasis Arsitektur SPBE di Kabupaten Kepahiang $b $c Dicki Iswandi =100 #$$a Dicki Iswandi =084 ##$$a R 0158 PKN II 2024 =082 ##$$a =035 ##$$a 0010-0426000049 =020 ##$$a =008 $a 260428################g##########0#ind## =005 $a 20260428153921